| 000 | 00694nam a2200217Ia 4500 | ||
|---|---|---|---|
| 003 | GCL | ||
| 008 | 140319s9999 xx 000 0 ara d | ||
| 040 |
_aGCL / _cGCL |
||
| 082 | 0 | 4 |
_a812.009 _bن ق |
| 100 | 1 | _aنادية بدرالدين ابوغازى | |
| 245 | 1 | 0 |
_aقضية الحرية فى المسرح المصرى المعاصر 1952:1967 / _cنادية بدرالدين ابوغازى |
| 260 |
_a[S.N] : _bالهيئة المصرية العامة للكتاب ، _c1989 |
||
| 300 | _a375 ص | ||
| 490 | _a | ||
| 650 | 0 | 4 | _aالادب العربى |
| 650 | 0 | 4 | _aمصر |
| 650 | 0 | 4 | _aالمسرح |
| 650 | 0 | 4 | _aالحرية |
| 650 | 0 | 4 | _aتاريخ ونقد |
| 942 |
_2ddc _cBK |
||
| 999 |
_c30143 _d30143 |
||